000 01354nam a2200229Ia 4500
999 _c39680
_d39680
001 6283
003 GE_BSU
005 20190514214547.0
008 181216s1972||||ge |||||||||||||| ||geo||
040 _cGE_BSU
041 _ageo
080 _a664.05(075.8) კ-17
100 _aკაკალაშვილი, ა.
_91174
245 _aკვების მრეწველობის საწარმოთა ტექნოლოგიური მოწყობილობების გაანგარიშება და კონსტრუირების საფუძვლები :
_bსახელმძღვ. /
_cა. კაკალაშვილი ; რედ. ლ. მაღულარია.
264 _aთბილისი :
_bგანათლება,
_c1972.
300 _a376 გვ. :
_bილ. ;
_c22 სმ.
504 _aბიბლიოგრ. : გვ.369-372.
653 _aკვების მრეწველობის საწარმოთა ტექნოლოგიური მოწყობილობების გაანგარიშება და კონსტრუირება
653 _aკვების მრეწველობა
700 _aმაღულარია, ლ.
_eრედაქტორი
_9648
942 _cBK
_2udc